000 00511nam a22001577a 4500
003 OSt
005 20240419155259.0
008 240419b |||||||| |||| 00| 0 eng d
040 _cMRSPTU
100 _aRaju. Karam Singh (राजू, करम सिंह)
245 _aVaani Aur Viyakhiaya Guru Ravi Das Ji (वाणी और वयाख्या गुरु रवि दास जी)
250 _a1st
260 _aPunjab
_bGovt of Punjab Publication
_c2005
300 _a134
942 _2ddc
_cBK
_n0
999 _c10124
_d10124